Podniková kultúra ako faktor efektívnosti moderného manažmentu podniku bakalárska práca

Gespeichert in:
Bibliographische Detailangaben
1. Verfasser: Onoiko, Sofiia
Körperschaft: Fakulta podnikového manažmentu EU. Katedra manažmentu
Weitere Verfasser: Novysedlák, Martin, 1991-
Format: Buch
Sprache:Slowakisch
Veröffentlicht: Bratislava 2025
Tags: Tag hinzufügen
Keine Tags, Fügen Sie das erste Tag hinzu!

MARC

LEADER 00000nbm a2200000 4500
001 0309727
005 20251212134353.1
041 0 |a slo 
044 |a SK 
245 1 0 |a Podniková kultúra ako faktor efektívnosti moderného manažmentu podniku  |b bakalárska práca  |c Sofiia Onoiko ; školiteľ: Martin Novysedlák 
264 1 |a Bratislava  |c 2025 
300 |a 51 s. 
100 1 |a Onoiko, Sofiia 
700 1 |a Novysedlák, Martin, 1991- 
710 2 |a Fakulta podnikového manažmentu EU. Katedra manažmentu